000 00483nam a2200205Ia 4500
003 OSt
005 20140312102424.0
008 140130s9999 xx 000 0 und d
020 _a043923641X
050 _aPZ 7
_b.B327Wi 2001
100 _aBaum, Frank
245 _cFrank Baum.
_aThe wizard of oz /
260 _bScholastic,
_c2001.
_aNew York :
300 _a156 p. :
_bill. ;
_c18 cm.
440 _v1
521 _aG6
526 _c810
942 _cBK
_2lcc
999 _c41713
_d41713